Handbook of Muslims in India: (Record no. 33718)

MARC details
000 -LEADER
fixed length control field 00834nam a22002297a 4500
005 - DATE AND TIME OF LATEST TRANSACTION
control field 2010020808568.0
008 - FIXED-LENGTH DATA ELEMENTS--GENERAL INFORMATION
fixed length control field 100208t xxu||||| |||| 00| 0 eng d
010 ## - LCCN (DPL NO)
LC control number ENG-95851
020 ## - INTERNATIONAL STANDARD BOOK NUMBER
International Standard Book Number 9780198062059
Terms of availability 850.00
020 ## - INTERNATIONAL STANDARD BOOK NUMBER
International Standard Book Number 0198062052
Terms of availability 850.00
035 ## - SYSTEM CONTROL NUMBER
System control number EN-79384
037 ## - SOURCE OF ACQUISITION
Stock number DBAD/PUB
040 ## - CATALOGING SOURCE
Original cataloging agency DPL
245 ## - TITLE STATEMENT
Title Handbook of Muslims in India:
Remainder of title Empirical and Policy Perspectives/
Statement of responsibility, etc Edited by Rakesh Basant, Abusaleh Shariff
260 ## - PUBLICATION, DISTRIBUTION, ETC. (IMPRINT)
Place of publication, distribution, etc New Delhi
Name of publisher, distributor, etc Oxford University Press
Date of publication, distribution, etc 2010
270 ## - ADDRESS
Address YMCA Library Building, Jai Singh Road
City New Delhi
Postal code 110001
300 ## - PHYSICAL DESCRIPTION
Extent xx, 308p.
Other physical details ill
Dimensions 25 cm.(Hb)
700 ## - ADDED ENTRY--PERSONAL NAME
Personal name Basant Rakesh
700 ## - ADDED ENTRY--PERSONAL NAME
Personal name Abusaleh Shariff
942 ## - ADDED ENTRY ELEMENTS (KOHA)
Source of classification or shelving scheme Dewey Decimal Classification
Item type English Books
Holdings
Withdrawn status Lost status Source of classification or shelving scheme Materials specified (bound volume or other part) Damaged status Not for loan Collection code Home library Current library Date acquired Source of acquisition Cost, normal purchase price Total Checkouts Barcode Date last seen Copy number Cost, replacement price Koha item type
    Dewey Decimal Classification Hb   Not For Loan Non-fiction D.B.Act.Division D.B.Act.Division 08/02/2010 DBAD/PUB 850.00   EN-79384 08/02/2010 1 850.00 English Books

© Delhi Public Library
Hit Counter
free hit counter